Carbon Nanomaterials for Electrochemistry : dát. obhajoby 14.6.2016, č. ved. odboru 5-2-13

Enregistré dans:
Détails bibliographiques
Auteur principal: Michniak, Pavol (Auteur)
Autres auteurs: Veselý, Marian (Directeur de thèse)
Format: Manuscrit Livre
Langue:slovaque
anglais
Publié: Bratislava : STU v Bratislave FEI, 2016
Sujets:
Accès en ligne:http://is.stuba.sk/zp/portal_zp.pl?podrobnosti=130777
Tags: Ajouter un tag
Pas de tags, Soyez le premier à ajouter un tag!

MARC

LEADER 00000ntm a22000003a 4500
001 stuzp29395
003 SK-STU
005 20230413105105.5
007 ta
008 150427s2015----xo-----f-mn---000-0-slo-d
040 |a STU  |b slo 
041 0 |a eng 
100 1 |a Michniak, Pavol  |u 033000  |k Z2  |4 aut  |U FEI Fakulta elektrotechniky a informatiky  |T FEI Ústav elektroniky a fotoniky  |X 35044  |U E030  |Y 549  |7 A000035044 
242 0 1 |a Uhlíkové nanomateriály pre elektrochémiu  |y slo 
245 1 0 |a Carbon Nanomaterials for Electrochemistry :  |b dát. obhajoby 14.6.2016, č. ved. odboru 5-2-13 
260 |a Bratislava : 
260 |b STU v Bratislave FEI, 
260 |c 2016 
300 |a 83 s.,  |b AUTOREF. 2016, 33 s. 
650 4 |a uhlíkové nanostenny  |2 slo 
650 4 |a bórom dopovaný diamant  |2 slo 
650 4 |a CNWs  |2 slo 
650 4 |a elektrochémia  |2 slo 
650 4 |a Boron doped diamond  |2 eng 
650 4 |a Electrochemistry  |2 eng 
650 4 |a Carbon Nanowalls  |2 eng 
650 4 |a CNWs  |2 eng 
700 1 |a Veselý, Marian  |u 902640  |k Z7  |4 ths  |U Univerzitný vedecký park STU Bratislava  |T Centrum STU pre nanodiagnostiku  |X 2059  |U R2640  |Y 652  |7 A000002059 
856 4 |u http://is.stuba.sk/zp/portal_zp.pl?podrobnosti=130777 
996 |b 284ED01542  |c E*ZP-421  |l EE01  |s A  |a 24  |w stuzp29395_0001 
SQL |a stuzp29395  |b DDZ  |c ENG  |d Carbon Nanomaterials for Electrochemistry  |e 35044  |f Michniak, Pavol  |g 033000  |h 2059  |i Veselý, Marian  |j 20160614  |k 1178  |l 03  |m http://is.stuba.sk/zp/portal_zp.pl?podrobnosti=130777  |n D-EF  |o 5.2.13. elektronika